Music Quiz

Random Music or Lyrics Quiz

Song Lyrics Through Time Quiz Stats

 Plays Quiz Updated Sep 3, 2013

     
Support Sporcle.
Go Orange.
Score 0/28 Timer 07:00
0 Plays Today
% Correct
feet
94.7%
midnight
91.6%
day
90.7%
yesterday
68.3%
mile
62.5%
nights
62.1%
year
61.1%
second
59.9%
noon
58.6%
years
57.9%
afternoon
56%
week
54.1%
days
54.1%
tomorrow
54%
% Correct
minute
53.1%
inches
49.3%
century
45.6%
tonight
44.7%
daytime
44.4%
months
42.4%
hour
38.3%
today
37.6%
night
31.6%
weeks
30.5%
morning
28.4%
yard
28.5%
miles
22.8%
evening
17.2%

From the Vault

'Mrs. Robinson' Lyrics

by arctanproject

Music 8m
Fun Fact: There were actually two dudes in Simon & Garfunkel.
Remove Ads.
Support Sporcle.
Get the best of Sporcle when you Go Orange. This ad-free experience offers more features, more stats, and more fun while also helping to support Sporcle. Thank you for becoming a member.

Show Comments

Extras

Top Quizzes Today


Score Distribution

Your Account Isn't Verified!

In order to create a playlist on Sporcle, you need to verify the email address you used during registration. Go to your Sporcle Settings to finish the process.

Report this User

Report this user for behavior that violates our Community Guidelines.

Details: